Catálogo
 En Linea

L' espagne et son empire d' amerique : (Registro nro. 35341)

Detalles MARC
000 -CABECERA
campo de control de longitud fija 00699nam a2200181 a 4500
001 - NÚMERO DE CONTROL
campo de control 000035850
005 - FECHA Y HORA DE LA ÚLTIMA TRANSACCIÓN
campo de control 20200930074649.0
008 - DATOS DE LONGITUD FIJA--INFORMACIÓN GENERAL
campo de control de longitud fija 111115s1972 fr 000 0 fre d
040 ## - FUENTE DE LA CATALOGACIÓN
Centro catalogador/agencia de origen DO-SdBNP
Lengua de catalogación spa
Centro/agencia transcriptor BNPHU
082 ## - NÚMERO DE LA CLASIFICACIÓN DECIMAL DEWEY
Número de clasificación xxx
Número de documento/Ítem K86e
100 1# - ENTRADA PRINCIPAL--NOMBRE DE PERSONA
Nombre de persona Kossok, Manfred
9 (RLIN) 61828
245 10 - MENCIÓN DE TÍTULO
Título L' espagne et son empire d' amerique :
Resto del título Histoire des structurespolitiques économiques et sociales 1320-1824 /
Mención de responsabilidad, etc. Manfred Kossok, Walter Markov ; traduit de l´allemand Marcel David et Charles Minguet.
260 ## - PUBLICACIÓN, DISTRIBUCIÓN, ETC.
Lugar de publicación, distribución, etc. Paris :
Nombre del editor, distribuidor, etc. Ediciones hispano-americanas,
Fecha de publicación, distribución, etc. 1972.
300 ## - DESCRIPCIÓN FÍSICA
Extensión 135 p. ;
Dimensiones 21 cm.
700 1# - PUNTO DE ACCESO ADICIONAL--NOMBRE DE PERSONA
Nombre de persona Markov, Walter
9 (RLIN) 61829
700 1# - PUNTO DE ACCESO ADICIONAL--NOMBRE DE PERSONA
Nombre de persona David, Marcel,
Término indicativo de función/relación tr.
9 (RLIN) 61830
700 1# - PUNTO DE ACCESO ADICIONAL--NOMBRE DE PERSONA
Nombre de persona Minguet, Charles,
Término indicativo de función/relación tr.
9 (RLIN) 23923
Existencias
Estado de retiro Estado de pérdida Restricciones de uso No para préstamo Código de colección Localización permanente Ubicación/localización actual Ubicación en estantería Fecha de adquisición Número de inventario Total de préstamos Signatura topográfica completa Código de barras Fecha visto por última vez Precio válido a partir de Tipo de ítem Koha Nota pública
      Excluido de préstamo Monografías: Libros y Folletos General General En catalogación 15.11.2011 LF1   xxx K86e 35850-10 25.06.2020 25.06.2020 No se presta Perteneció a la biblioteca personal de Juan Isidro Jimenes- GrullónPerteneció a la biblioteca personal de Juan Isidro Jimenes- Grullón

Con tecnología Koha